Questões de microeconomia (Registro nro. 5579)

Detalles MARC
000 -LEADER
fixed length control field 00954 a2200205 4500
001 - CONTROL NUMBER
control field 54480
005 - DATE AND TIME OF LATEST TRANSACTION
control field 20260407155817.0
008 - FIXED-LENGTH DATA ELEMENTS--GENERAL INFORMATION
fixed length control field 260407a1978 arg spa d
003 - CONTROL NUMBER IDENTIFIER
control field AR-UNSa-BCEJYS
040 ## - CATALOGING SOURCE
Original cataloging agency AR-UNSa-BCEJYS
Language of cataloging spa
Transcribing agency AR-UNSa-BCEJYS
080 ## - UNIVERSAL DECIMAL CLASSIFICATION NUMBER
Universal Decimal Classification number 330.101.542
Common auxiliary subdivision Microeconomía
100 1# - MAIN ENTRY--PERSONAL NAME
Personal name Lopes de Almeida, Fernando
245 10 - TITLE STATEMENT
Title Questões de microeconomia
264 #1 - PRODUCTION, PUBLICATION, DISTRIBUTION, MANUFACTURE, AND COPYRIGHT NOTICE
Place of production, publication, distribution, manufacture Rio de Janeiro :
Name of producer, publisher, distributor, manufacturer Forense-Universitária
Date of production, publication, distribution, manufacture, or copyright notice 1978
300 ## - PHYSICAL DESCRIPTION
Extent 189 p.
Dimensions 21 cm.
505 ## - FORMATTED CONTENTS NOTE
Formatted contents note 1. Tópicos introdutorios á teoría de consumidor – 2. Equilibrio do consumidor – 3. Demanda e elasticidade – 4. Topicos adicionais á teoría do consumidor – 5. Funcao de producao e equilibrio da firma – 6. Produtividade, elasticidade e caminho de expansao – 7. Custos e externalidades – 8. Oferta – 9. Curva de transformacao e teoría do bem-estar.
590 ## - LOCAL NOTE (RLIN)
Local note niveau_biblio:m niveau_hierar:0
700 1# - ADDED ENTRY--PERSONAL NAME
Personal name Rodrigues Pereira, Gastao Reis
942 ## - ADDED ENTRY ELEMENTS (KOHA)
Koha item type
Existencias
Withdrawn status Lost status Damaged status Not for loan Home library Current library Shelving location Date acquired Total checkouts Full call number Barcode Date last seen Price effective from Koha item type
        Biblioteca Prof. Eusebio Cleto del Rey Biblioteca Prof. Eusebio Cleto del Rey   07/04/2026   330.101.542 L864 L33187 07/04/2026 07/04/2026 Libro